Eastern Utah Libraries Catalog: Duchesne, Heber, Roosevelt, & Vernal

The book of lost names / (Record no. 383178)

MARC details
000 -LEADER
fixed length control field 02181nam a2200517 i 4500
001 - CONTROL NUMBER
control field BK0026856706
005 - DATE AND TIME OF LATEST TRANSACTION
control field 20260205165319.0
008 - FIXED-LENGTH DATA ELEMENTS--GENERAL INFORMATION
fixed length control field 210518r20212020nyu 000 1 eng d
010 ## - LIBRARY OF CONGRESS CONTROL NUMBER
LC control number bl2021012489
020 ## - INTERNATIONAL STANDARD BOOK NUMBER
International Standard Book Number 9781982131906 : PAP
Terms of availability 16.99
020 ## - INTERNATIONAL STANDARD BOOK NUMBER
International Standard Book Number 198213190X : PAP
Terms of availability 16.99
Qualifying information pbk.
020 ## - INTERNATIONAL STANDARD BOOK NUMBER
International Standard Book Number 9781982131890
Qualifying information (hbk.)
020 ## - INTERNATIONAL STANDARD BOOK NUMBER
International Standard Book Number 1982131896
Qualifying information (hbk.)
037 ## - SOURCE OF ACQUISITION
Source of stock number/acquisition Simon & Schuster, Order Dept 100 Front st, Riverside, NJ, USA, 08075
Note SAN 200-2442
040 ## - CATALOGING SOURCE
Original cataloging agency NjBwBT
Language of cataloging eng
Transcribing agency NjBwBT
Description conventions rda
050 14 - LIBRARY OF CONGRESS CALL NUMBER
Classification number PS3608.A745
Item number B66 2021
082 04 - DEWEY DECIMAL CLASSIFICATION NUMBER
Classification number 813/.6
Edition number 23
092 ## - LOCALLY ASSIGNED DEWEY CALL NUMBER (OCLC)
Classification number fiction
Item number Harmel, Kristin
100 1# - MAIN ENTRY--PERSONAL NAME
Personal name Harmel, Kristin,
Relator term author.
9 (RLIN) 6060716
245 14 - TITLE STATEMENT
Title The book of lost names /
Statement of responsibility, etc Kristin Harmel.
250 ## - EDITION STATEMENT
Edition statement First Gallery Books trade paperback edition.
264 #1 - Production, Publication, Distribution, Manufacture, and Copyright Notice.
Place of production, publication, distribution, manufacture New York :
Name of producer, publisher, distributor, manufacturer Gallery Books,
Date of production, publication, distribution, manufacture, or copyr 2021.
300 ## - PHYSICAL DESCRIPTION
Extent 388 pages ;
Dimensions 21 cm
336 ## - Content Type
Content type term text
337 ## - Media type
Media type term unmediated
338 ## - Carrier type
Carrier type term volume
500 ## - GENERAL NOTE
General note "Book club favorites reader's guide"--Cover.
504 ## - BIBLIOGRAPHY, ETC. NOTE
Bibliography, etc Includes bibliographical references.
520 ## - SUMMARY, ETC.
Summary, etc Escaping from Paris in 1942 after the arrest of her father, a Polish Jew, a graduate student finds refuge in a small mountain town, where she forges identity documents to help hundreds of Jewish children flee the Nazis.
650 #0 - SUBJECT ADDED ENTRY--TOPICAL TERM
Topical term or geographic name as entry element World War, 1939-1945
General subdivision Underground movements
Geographic subdivision France
Form subdivision Fiction.
9 (RLIN) 5706959
650 #0 - SUBJECT ADDED ENTRY--TOPICAL TERM
Topical term or geographic name as entry element World War, 1939-1945
General subdivision Jews
-- Rescue
Form subdivision Fiction.
9 (RLIN) 6378218
650 #0 - SUBJECT ADDED ENTRY--TOPICAL TERM
Topical term or geographic name as entry element Forgers
Form subdivision Fiction.
9 (RLIN) 5676150
650 #0 - SUBJECT ADDED ENTRY--TOPICAL TERM
Topical term or geographic name as entry element Women librarians
Form subdivision Fiction.
9 (RLIN) 5738346
650 #0 - SUBJECT ADDED ENTRY--TOPICAL TERM
Topical term or geographic name as entry element Photographs
Form subdivision Fiction.
9 (RLIN) 5705637
650 #0 - SUBJECT ADDED ENTRY--TOPICAL TERM
Topical term or geographic name as entry element Jews
Geographic subdivision France
Form subdivision Fiction.
9 (RLIN) 6366437
650 #0 - SUBJECT ADDED ENTRY--TOPICAL TERM
Topical term or geographic name as entry element Code and cipher stories.
9 (RLIN) 81630
651 #0 - SUBJECT ADDED ENTRY--GEOGRAPHIC NAME
Geographic name France
General subdivision History
Chronological subdivision German occupation, 1940-1945
Form subdivision Fiction.
9 (RLIN) 5706960
655 #7 - INDEX TERM--GENRE/FORM
Genre/form data or focus term War fiction.
Source of term lcgft
9 (RLIN) 5706961
655 #7 - INDEX TERM--GENRE/FORM
Genre/form data or focus term Historical fiction.
Source of term lcgft
655 #7 - INDEX TERM--GENRE/FORM
Genre/form data or focus term Novels.
Source of term lcgft
655 #7 - INDEX TERM--GENRE/FORM
Genre/form data or focus term Cryptologic fiction.
Source of term lcgft.
9 (RLIN) 5759809
655 #7 - INDEX TERM--GENRE/FORM
Genre/form data or focus term War fiction.
Source of term lcgft.
9 (RLIN) 5706961
775 08 - OTHER EDITION ENTRY
Display text Reproduction of (manifestation):
775 08 - OTHER EDITION ENTRY
Main entry heading Harmel, Kristin.
Title Book of lost names
Place, publisher, and date of publication New York : Gallery Books, 2020
International Standard Book Number 9781982131890
942 ## - ADDED ENTRY ELEMENTS (KOHA)
Source of classification or shelving scheme Dewey Decimal Classification
Koha item type BOOK
Holdings
Withdrawn status Lost status Source of classification or shelving scheme Damaged status Not for loan Collection code Home library Current library Shelving location Date acquired Source of acquisition Total Checkouts Total Renewals Full call number Barcode Checked out Date last seen Date checked out Cost, replacement price Price effective from Koha item type
    Dewey Decimal Classification     Fiction Wasatch County Library Wasatch County Library First Floor 09/29/2020 Baker & Taylor 44 27 F Harmel 34301001698325 03/27/2026 01/29/2026 01/29/2026 28.00 09/29/2020 BOOK
    Dewey Decimal Classification     Fiction Wasatch County Library Wasatch County Library First Floor 02/06/2026 Ingram 2 3 F Harmel 34301002106641 04/30/2026 03/04/2026 03/04/2026 18.99 02/06/2026 BOOK
This project was made possible through a grant from the Institute of Museum and Library Service administered by the Utah State Library Division.

Wasatch County Library

  • 465 East 1200 South, Heber City, Utah 84032
  • Phone 435-654-1511 | Fax 435-654-6456

Hours

  • Monday - Friday 9:30 AM - 8:00 PM
  • Saturday 9:30 AM - 1:30 PM
  • Closed Sundays and Holidays